000 00711cam a2200229 a 4500
001 000002735
005 20200929150240.0
008 741115s1970 cu 000 f spa
040 _aDO-SdBNP
_cNIC
_dDLC
082 _aU863.6
_bG474g
100 1 _aGilio, María Esther,
_d1928-
_98616
245 1 3 _aLa guerrilla tupamara /
_cMaría Esther Gilio.
260 _aLa Habana :
_bCasa de las Américas,
_c1970.
300 _a247 p. ;
_c18 cm.
490 1 _aPremio
500 _aPremio Testimonio, 1970
650 4 _aNovela uruguaya
_95679
650 4 _aLiteratura uruguaya
_93054
610 2 0 _aMOVIMIENTO DE LIBERACIÓN NACIONAL (URUGUAY)
_98617
830 0 _aPremio
_98618
910 _aCatalogación por copia / LC
999 _c2569
_d2569